000 00316nam a22001457a 4500
003 SGT
082 _a 342.850954,CHA
100 _aCHAUDHARY,A.S
245 _aLAW OF WRITS
250 _a5TH
260 _aKOTHI
_bLAW PUBLICATION
_c2005
300 _a1658
650 _aJURISDICTION AND ITS EFFICACY
942 _2ddc
_cBK
999 _c9654
_d9654